Revolúcia v službách pozoruhodný indický rastový model

Ekonomické napredovanie Číny a Indie. Rozdiely rastu oboch krajín. Rast služieb namiesto industrializácie. Produktivita výrobného sektora a podiel služieb. Expanzia služieb v rámci globalizácie. Komparatívne výhody všetkých krajín. Proces globalizácie a rozdiely v príjmoch. Znižovanie chudoby a rast...

Full description

Saved in:
Bibliographic Details
Main Author: Ghani, Ejaz
Format: Book Chapter
Language:Slovak
Subjects:
Tags: Add Tag
No Tags, Be the first to tag this record!

MARC

LEADER 00000naa$a2200000$$$4500
001 0115381
005 20220725111603.8
041 0 |a slo 
044 |a SK 
245 1 0 |a Revolúcia v službách  |b pozoruhodný indický rastový model  |c Ejaz Ghani 
520 |a Ekonomické napredovanie Číny a Indie. Rozdiely rastu oboch krajín. Rast služieb namiesto industrializácie. Produktivita výrobného sektora a podiel služieb. Expanzia služieb v rámci globalizácie. Komparatívne výhody všetkých krajín. Proces globalizácie a rozdiely v príjmoch. Znižovanie chudoby a rast miezd. 
610 2 0 |a Čína 
610 2 0 |a India 
610 2 0 |a výroba 
610 2 0 |a priemysel 
610 2 0 |a služby 
610 2 0 |a globalizácia 
610 2 0 |a rast hospodársky 
610 2 0 |a redukcia chudoby 
610 2 0 |a rozvoj trvalo udržateľný 
100 1 |a Ghani, Ejaz